| 000 | 01478nam a2200445 i 4500 | ||
|---|---|---|---|
| 001 | 54489 | ||
| 003 | KOSZ 005 | ||
| 005 | 20220603103843.0 | ||
| 008 | 070419s2007 pl a |000 0 pol | ||
| 015 | _aUWD 2007/9082 | ||
| 020 | _a9788375260380 | ||
| 035 | _a991033567229705066 | ||
| 035 | _a(PL-WaBN)b1898678x-48omnis_nlop | ||
| 035 | _ab1898678x | ||
| 035 | _a(OCoLC)831180829 | ||
| 035 | _azz2007885813 | ||
| 035 | _a(PL)b0000001898678 | ||
| 035 | _a(EXLNZ-48OMNIS_NETWORK)9910395228105606 | ||
| 040 |
_aWA N _cWA N _dKOSZ 005/HR |
||
| 046 | _k2007 | ||
| 080 | _a005.8 | ||
| 080 | _a(083.1) | ||
| 245 | 0 | 0 |
_aZarządzanie projektami współfinansowanymi z funduszy publicznych : _bplanowanie i realizacja / _cpod red. Michała Szwabe. |
| 260 |
_aKraków ; _aWarszawa : _bWolters Kluwer Polska, _c2007. |
||
| 300 |
_a291 s. : _bil. ; _c25 cm. |
||
| 336 |
_aTekst _btxt _2rdacontent |
||
| 337 |
_aBez urządzenia pośredniczącego _bn _2rdamedia |
||
| 338 |
_aWolumin _bnc _2rdacarrier |
||
| 380 | _aKsiążki | ||
| 388 | _a2001- | ||
| 504 | _aBibliogr. s. 289-291. | ||
| 650 | 7 |
_aZarządzanie projektami _2DBN |
|
| 655 | 7 |
_aPoradnik _2DBN |
|
| 658 | _aZarządzanie i marketing | ||
| 700 | 1 |
_aSzwabe, Michał _eRedakcja |
|
| 710 | 2 |
_aWolters Kluwer Polska _4pbl |
|
| 856 |
_uhttp://koha.tu.koszalin.pl/cgi-bin/koha/opac-detail.pl?biblionumber=54489 _yKatalog online BPK |
||
| 942 |
_2UKD _cKS |
||
| 999 |
_c54489 _d54489 |
||